Trouve le genre taxonomique associé au primates - Statistiques

Statistiques générales
  • Ce quiz a été pris 3 fois
  • Le résultat moyen est 8 sur 75
Statistiques - réponses
Hint Réponse % Correct
Macaques Macaca
67%
Chimpanzé / Bonobo Pan
67%
Allocèbe Allocebus
33%
Cercocèbes Cercocebus
33%
Cercopithèques Cercopithecus
33%
Colobes Colobus
33%
Galagos Galago
33%
Gorilles Gorilla
33%
Hapalémurs Hapalemur
33%
Humains Homo
33%
Gibbons Houlock Hoolock
33%
Lémurien Lemur
33%
Loris Loris
33%
Drill / Mandrill Mandrillus
33%
Microcèbes Microcebus
33%
Nycticèbes Nycticebus
33%
Babouins Papio
33%
Orang-outans Pongo
33%
Colobe vert Procolobus
33%
Grand Hapalémur Prolemur
33%
Rhinopithèques Rhinopithecus
33%
Semnopithèque Semnopithecus
33%
Singe de Pocock Allenopithecus
0%
Cercopithèques terrestres Allochrocebus
0%
Singes hurleur Alouatta
0%
Douroucouli Aotus
0%
Angwantibo Arctocebus
0%
Singes araignée Ateles
0%
Avahis Avahi
0%
Muriqui Brachyteles
0%
Ouakaris Cacajao
0%
Titis atlantiques Callicebus
0%
Tamarin sauteur Callimico
0%
Ouistitis atlantiques Callithrix
0%
Tarsier des Phillipines Carlito
0%
Ouistitis pygmée Cebuella
0%
Capucins Cebus
0%
Tarsier de Bornéo Cephalopachus
0%
Lémurs nains Cheirogaleus
0%
Titis veuves Cheracebus
0%
Sakis barbus Chiropotes
0%
Singes verts Chlorocebus
0%
Aye-aye Daubentonia
0%
Patas Erythrocebus
0%
Lémurs Eulemur
0%
Galagos à griffes Euoticus
0%
Gibbon lar Hylobates
0%
Babakoto Indri
0%
Singes laineux Lagothrix
0%
Singes lion Leontopithecus
0%
Lémuriens nocturnes Lepilemur
0%
Mangabeys Lophocebus
0%
Ouistitis amazoniens Mico
0%
Talapoin Miopithecus
0%
Lémuriens souris géante Mirza
0%
Nasique Nasalis
0%
Gibbon à joues claires Nomascus
0%
Potto Perodicticus
0%
Lémuriens à fourche Phaner
0%
Colobes roux Piliocolobus
0%
Sakis Pitheicia
0%
Titis amazoniens Plecturocebus
0%
Presbythèques Presbytis
0%
Sifakas Propithecus
0%
Doucs Pygathrix
0%
Kipunji Rungwecebus
0%
Sagouins Saguinus
0%
Singes écureuil Saïmiri
0%
Sapajous Sapajus
0%
Nasique des Îles Pagai Simias
0%
Simiang Symphalangus
0%
Tarsiers Tarsius
0%
Gélada Theropithecus
0%
Langurs Trachypithecus
0%
Varis Varecia
0%
Aucun quiz correspondant
Distribution des résultats
% des personnes avec chaque résultat
Percentile par nombre de réponses
Votre historique - résultats
Vous n’avez pas pris ce quiz